Score 0/17 Timer 05:00
0 Plays Today
Country % Correct
United Kingdom
97.7%
Spain
71.8%
Sweden
70.4%
Norway
67.2%
Denmark
65.8%
Netherlands
61.6%
Saudi Arabia
60.4%
Belgium
52.6%
Jordan
44.4%
Country % Correct
Thailand
42.5%
Morocco
33.2%
Bhutan
32%
Bahrain
30.2%
Eswatini
26.2%
Cambodia
24.5%
Lesotho
23.5%
Tonga
20.3%
Remove Ads.
Support Sporcle.
Get the best of Sporcle when you Go Orange. This ad-free experience offers more features, more stats, and more fun while also helping to support Sporcle. Thank you for becoming a member.

You're not logged in!

Compare scores with friends on all Sporcle quizzes.
OR
Log In

Sporcle TV

Today on Sporcle TV


Watch our educational content, quiz creation guides, and fun videos on Sporcle TV.

Show Comments

Extras

Top Quizzes Today


Score Distribution

Paid Content

Your Account Isn't Verified!

In order to create a playlist on Sporcle, you need to verify the email address you used during registration. Go to your Sporcle Settings to finish the process.

Report this User

Report this user for behavior that violates our Community Guidelines.

Details: